Music Quiz

Random Music or Artist Quiz
Score 0/20 Timer 05:00
4 Plays Today
% Correct
2017
67.1%
2011
56.6%
2014
53.2%
1978
52.6%
1984
51.8%
1987
51.1%
1960
51.1%
1972
49.4%
1966
48.1%
2008
46.9%
% Correct
1993
46.1%
2002
45.9%
1975
45%
1996
40.8%
1969
39.9%
1981
39.9%
1963
39.4%
2005
39.2%
1990
38.5%
1999
33.8%
Remove Ads.
Support Sporcle.
Get the best of Sporcle when you Go Orange. This ad-free experience offers more features, more stats, and more fun while also helping to support Sporcle. Thank you for becoming a member.

You're not logged in!

Compare scores with friends on all Sporcle quizzes.
OR
Log In

Show Comments

Extras

Top Quizzes Today


Score Distribution

Your Account Isn't Verified!

In order to create a playlist on Sporcle, you need to verify the email address you used during registration. Go to your Sporcle Settings to finish the process.

Report this User

Report this user for behavior that violates our Community Guidelines.

Details: